MS/Thesis:Projection - Based Model Order Reduction for Biochemical Systems / (Record no. 522655)

000 -LEADER
fixed length control field 00558nam a22001937a 4500
003 - CONTROL NUMBER IDENTIFIER
control field NUST
005 - DATE AND TIME OF LATEST TRANSACTION
control field 20191018115828.0
020 ## - INTERNATIONAL STANDARD BOOK NUMBER
Terms of availability Available
038 ## - RECORD CONTENT LICENSOR
Staff Name Nusrat Nadeem
040 ## - CATALOGING SOURCE
Original cataloging agency DLC
Language of cataloging DLC
Transcribing agency RCMS
082 ## - DEWEY DECIMAL CLASSIFICATION NUMBER
Classification number 004.12
Author Mark ANU
100 ## - MAIN ENTRY--PERSONAL NAME
Personal name Anum Javed.
9 (RLIN) 24388
245 ## - TITLE STATEMENT
Title MS/Thesis:Projection - Based Model Order Reduction for Biochemical Systems /
Statement of responsibility, etc. Javed Anum
260 ## - PUBLICATION, DISTRIBUTION, ETC.
Place of publication, distribution, etc. Islamabad,
Name of publisher, distributor, etc. RCMS,
Date of publication, distribution, etc. 2018.
300 ## - PHYSICAL DESCRIPTION
Extent 52,p:
Other physical details HB.
Dimensions 30,cm.
600 ## - SUBJECT ADDED ENTRY--PERSONAL NAME
General subdivision Computational engineering
9 (RLIN) 24389
700 ## - ADDED ENTRY--PERSONAL NAME
Relator code Dr.Mian Ilyas Ahmad(Supervisor)
942 ## - ADDED ENTRY ELEMENTS (KOHA)
Source of classification or shelving scheme
Koha item type Thesis
Holdings
Withdrawn status Lost status Source of classification or shelving scheme Damaged status Not for loan Collection code Permanent Location Current Location Shelving location Date acquired Total Checkouts Full call number Barcode Date last seen Price effective from Koha item type
            School of Interdisciplinary Engineering and Sciences (SINES) School of Interdisciplinary Engineering and Sciences (SINES) Thesis 12/20/2018   004.12 ANU RCMS003157 12/20/2018 12/20/2018 Thesis
© 2023 Central Library, National University of Sciences and Technology. All Rights Reserved.